| 000 | 02301nam0a2200349 4500 | ||
|---|---|---|---|
| 001 | RU\NLR\BIBL_A\012674666 | ||
| 005 | 20250624111937.0 | ||
| 010 |
_a978-5-7389-3356-1 _960 |
||
| 021 |
_aRU _b2021-56713 _9КН-П-4437 |
||
| 035 | _a(NLR Aleph) 012674666 | ||
| 090 |
_a12795790 _c12795790 |
||
| 100 | _a20211223d2021 |||y0rusy50 ca | ||
| 101 | 0 | _arus | |
| 102 | _aRU | ||
| 105 | _aa|||z|||110zy | ||
| 181 | 0 |
_ai _baxxe |
|
| 182 | 0 | _an | |
| 200 | 1 |
_aМатериалы секционных заседаний 61-й студенческой научно-практической конференции ТОГУ _fМинистерство науки и высшего образования Российской Федерации, Федеральное государственное бюджетное образовательное учреждение высшего образования "Тихоокеанский государственный университет" _gредакционная коллегия: И.Н. Пугачев, д-р техн. наук (отв. редактор), А.В. Казарбин, канд. физ.-мат. наук |
|
| 203 |
_aТекст _bвизуальный _cнепосредственный |
||
| 210 |
_aХабаровск _cИзд-во ТОГУ _d2021 |
||
| 215 |
_a400, [1] с. _cил., табл. _d21 |
||
| 300 | _aНа обл.: 100-летие М.П. Данилевского | ||
| 320 | _aБиблиогр. в конце ст. | ||
| 601 | 0 | 2 |
_aТихоокеанский государственный университет _cХабаровск, город _jСборники _xНаучные конференции студентов _92584720 _3RU\NLR\AUTH\661527797 |
| 686 | 1 | _aЯ431(2Р-4Х-2Х)31 | |
| 702 | 1 |
_aПугачев _bИ. Н. _f1964- _gИгорь Николаевич _4340 |
|
| 710 | 0 | 2 |
_aТихоокеанский государственный университет _bСтуденческая научно-практическая конференция _cХабаровск _d61 _f2021 _9783029 _3RU\NLR\AUTH\880557910 |
| 942 | _cBOOK | ||
| 980 | _aNB | ||